Colloque sur la théorie des nombres : tenu à Bruxelles, les 19, 20 et 21 décembre 1955 /
Guardado en:
| Autores Corporativos: | , |
|---|---|
| Formato: | Libro |
| Idioma: | French |
| Publicado: |
Liège :
Georges Thone,
1956.
|
| Etiquetas: |
Agregar Etiqueta
Sin Etiquetas, Sea el primero en etiquetar este registro!
|
| LEADER | 00589nam a22001455a 4500 | ||
|---|---|---|---|
| 001 | MAT.inmabb000847 | ||
| 008 | 031119s1956####be############101#0#fre#d | ||
| 005 | 20170807132851.0 | ||
| 245 | 1 | 0 | |a Colloque sur la théorie des nombres : |b tenu à Bruxelles, les 19, 20 et 21 décembre 1955 / |c Centre Belge de Recherches Mathématiques. |
| 260 | |a Liège : |b Georges Thone, |c 1956. | ||
| 300 | |a 204 p. | ||
| 111 | 2 | |a Colloque sur la théorie des nombres |d (1955 : |c Bruselas) | |
| 710 | 2 | |a Centre Belge de Recherches Mathématiques. | |
| 084 | |a 00B25 |a 11-XX |2 msc2000 | ||
| 859 | |h 00B25 |i C714t-1955 |p A-662 |b BIB. MATEMATICA | ||
